000 01382nam a22002417a 4500
999 _c19515
_d19515
003 AR-CdUCM
008 190517b ||||| |||| 00| 0 spa d
040 _aMUNICIPALIDAD PROVINCIAL DEL CUSCO
_cBIBLIOTECA MUNICIPAL DEL CUSCO
082 _a940.531 /
_bJ61
100 _aJimenez de Agua, Luis
_929153
245 _aEl mundo de la postguerra /
260 _aBuenos Aires :
_bEdit. Mundo Atlántico,
_c1944.
300 _a219 páginas ;
_c21 cm.
505 _aContenido: t. 1. La seguridad colectiva, por Vicente Rojo. Hacia un nuevo derecho civil, por Angel Ossorio. La endocrinología del porvenir, por Juan Cuatrecasas. Perspectivas del pueblo judío, por Alberto Gerchunoff -- t. 2. El derecho penal del futuro, por Luis Jiménez de Asúa. La higiene mental en la postguerra, por Emilio Mira y López. Los estados soberanos y la paz, por Guillermo Díaz Doin. La economía del mañana, por Guillermo Perales -- t. 3. Regresión jurídica en el siglo XX [por] Niceto Alcalá-Zamora. Hacia una paz durarera [por] Adolfo Mitre. Lo que llaman Hispano-americanismo [por] J. Mora Guarnido.
650 _aReconstrucción
_95638
650 _aGuerra
_91007
650 _aDerecho penal liberal
_940890
700 _aMira y Lopez, Emilio
_916117
700 _aDIaz Doin, Guillermo
_940891
700 _aPereles, Guillermo
_940892
942 _2ddc
_cLIBROS
945 _adavv
_d2019-05-17